Technological change and industry

Tallennettuna:
Bibliografiset tiedot
Päätekijä: Thakur, C. P.
Aineistotyyppi: Kirja
Kieli:Undetermined
Julkaistu: New Delhi Shri Ram Centre for Industrial Relations 1971
Aiheet:
Tagit: Lisää tagi
Ei tageja, Lisää ensimmäinen tagi!
Thư viện lưu trữ: Trung tâm Học liệu Trường Đại học Cần Thơ
LEADER 00496nam a2200169Ia 4500
001 CTU_78464
008 210402s9999 xx 000 0 und d
082 |a 338.6 
082 |b T357 
100 |a Thakur, C. P. 
245 0 |a Technological change and industry 
245 0 |c C. P. Thakur, G. S. Aurora 
260 |a New Delhi 
260 |b Shri Ram Centre for Industrial Relations 
260 |c 1971 
650 |a Technological innovations 
980 |a Trung tâm Học liệu Trường Đại học Cần Thơ